Wszystkie przystanki tramwajowe i autobusowe w Bydgoszczy. - Statystyki

Ogólne statystyki
  • Ten quiz został rozwiązany 64 razy
    61 od ostatniego zresetowania
  • Średni wynik to 123 z 397
Statystyki odpowiedzi
Odpowiedź % Poprawnych
Czerkaska | Jeździecka | Kamienna | +4 others Gdańska
76%
Fordońska | Głowackiego | Skłodowskiej-Curie Bałtycka
73%
Akademicka Rejewskiego
70%
Focha Opera
64%
Gdańska/ | Zaświat Artyleryjska
61%
Akademicka Igrzyskowa
61%
Skandynawska Ikea
61%
Perłowa
61%
Piękna | Połtyna | Schulza/ Szubińska
61%
Bajka
58%
Cmentarna Glinki
58%
Akademicka | Matki Teresy z Kalkuty Romanowskiej
58%
Rondo Fordonskie
58%
Fordońska Wyścigowa
58%
Gdańska/ Chodkiewicza
55%
Dworzec Autobusowy
55%
Fordońska | Kamienna Fabryczna
55%
Garbary
55%
Jagiellońska Łużycka
55%
Maja Markwarta
55%
Szubińska Piękna
55%
Plac Poznański
55%
Rondo Jagiellonów
55%
Baczyńskiego Wojska Polskiego
55%
Dworzec Główny
52%
Dworzec Wschód
52%
Fordońska | Głowackiego | Kamienna | Skłodowskiej-Curie Gajowa
52%
Akademicka Kaliskiego
52%
Kapuściska
52%
Łęgnowo
52%
Dworcowa Matejki
52%
Morska
52%
Rondo Toruńskie
52%
Rycerska
52%
Bielicka | Ugory Solskiego
52%
Czerkaska | Kamienna Sułkowskiego
52%
Wilczak
52%
Inowrocławska Zajezdnia
52%
Szubińska Żwirki i Wigury
52%
Kaliskiego | Matki Teresy z Kalkuty | Rejewskiego | Romanowskiej Akademicka
48%
Chodkiewicza | Powst Wielkopolskich Lelewela
48%
Niepodległości
48%
Plac Praw Kobiet
48%
Kaliskiego Politechnika
48%
Inowrocławska Skorupki
48%
Stomil
48%
Fordońska Traktorzystów
48%
UKW
48%
Artyleryjska Zaświat
48%
Bielawy
45%
Błonie
45%
Toruńska Filmowa
45%
Andersa | Bora-Komorowskiego Gieryna
45%
Armii Krajowej | Gdańska/ Jeździecka
45%
Łoskoń
45%
Most Kazimierza Wielkiego
45%
Przemysłowa
45%
Rekinowa
45%
Rondo Grunwaldzkie
45%
Nakielska | Schulza | Władysława IV Stawowa
45%
Kamienna | Powst Wielkopolskich Wyszyńskiego
45%
Zbożowy Rynek
45%
Kleeberga Andersa
42%
Królowej Jadwigi Astoria
42%
Rejewskiego Auchan
42%
Babia Wieś
42%
Sułkowskiego Kamienna
42%
Hutnicza | Objazdowa Nowotoruńska
42%
Nowy Rynek
42%
Plac Wolności
42%
Rondo Kujawskie P+R
42%
Fredry Warszawska
42%
Armii Krajowej Zamczysko
42%
Wojska Polskiego Baczyńskiego
39%
Belma
39%
Brzozowa | Solskiego Bielicka
39%
Gdańska/ Cieszkowskiego
39%
Chemiczna Dachtery
39%
Dworzec Błonie
39%
Dworzec Fordon
39%
Dworzec Leśne
39%
Szubińska Gnieźnieńska
39%
Skłodowskiej-Curie Jurasza
39%
Kazimierza Wielkiego
39%
Andersa Kleeberga
39%
Chodkiewicza Paderewskiego
39%
Nakielska Słoneczna
39%
Fordońska Sochaczewska
39%
Szarych Szeregów
39%
Kielecka | Sporna Toruńska
39%
Solskiego Ugory
39%
Trasa Uniwersytecka | Wojska Polskiego Ujejskiego
39%
Fordońska Wiślana
39%
Andersa Wolna
39%
Wyżyny
39%
Wojska Polskiego Boya-Żeleńskiego
36%
Dworzec Bielawy
36%
Chemiczna Eurogaz
36%
Warszawska Fredry
36%
Skłodowskiej-Curie Łęczycka
36%
Nakielska Lisia
36%
Fordońska | Więcka Łowicka
36%
Chmurna | Orlicza Nad Torem
36%
Meysnera Opławiec
36%
Skorupki | Stroma Orla
36%
Plac Kościeleckich
36%
Plac Teatralny
36%
Bałtycka Skłodowskiej-Curie
36%
Tatrzańskie
36%
Fordońska Wiadukt
36%
Centrum Onkologii
33%
Dachtery | Szczerby Chemiczna
33%
Pileckiego | Zaświat Cmentarz
33%
Grunwaldzka Czarna Droga
33%
Sułkowskiego Czerkaska
33%
Bałtycka Głowackiego
33%
Flisacka | Kolbego Grunwaldzka
33%
Nowotoruńska Hutnicza
33%
Pelplińska Jarużyńska
33%
Hetmańska Kaszubska
33%
Nowotoruńska | Smoleńska | Toruńska Kielecka
33%
Grunwaldzka Kolbego
33%
Las Gdański P+R
33%
Markwarta Maja
33%
Magnuszewska Modrakowa
33%
Ogińskiego Moniuszki
33%
Niklowa
33%
Nowotoruńska Plątnowska
33%
Podkowa
33%
Glinki Polon
33%
Port Lotniczy
33%
Nowotoruńska | Wojska Polskiego Prezydenta Lecha Kaczyńskiego
33%
Rondo Wielkopolskie
33%
Stadion Zawisza
33%
Powst Warszawy Szpital Wojskowy
33%
Toruńska Tor awaryjny
33%
Skarżyńskiego Twardzickiego
33%
Geodetów Wyzwolenia
33%
Wzgórze Wolności
33%
Toruńska Żupy
33%
Zamczysko Armii Krajowej
30%
Toruńska Hala
30%
Żwirki i Wigury Jaskółcza
30%
Brzozowa Jesionowa
30%
Fordońska Kapliczna
30%
Grunwaldzka Kraszewskiego
30%
Magnuszewska
30%
Myślęcinek
30%
Piaski
30%
Plac Piastowski
30%
Mazowiecka Pomorska
30%
Korfantego Prejsa
30%
Rondo Ossolińskich
30%
Kielecka Smoleńska
30%
Smukała
30%
Szpitalna Solna
30%
Pelplińska Targowisko
30%
Przemysłowa Tartak
30%
Mickiewicza Teatr Polski
30%
Twardzickiego Thommee
30%
Jana Pawła II Wąbrzeska
30%
Nakielska Widok
30%
Kolbego Wielorybia
30%
Nakielska Wrzesinska
30%
Toruńska Zajezdnia Tramwajowa
30%
Nad Torem Chmurna
27%
Glinki Cmentarna
27%
Czyżkówko
27%
Wiejska Deszczowa
27%
Eskulapa
27%
Park Przemyslowy Exploseum
27%
Glinki BFM
27%
Grunwaldzka Kanałowa
27%
Solskiego | Stroma Kossaka
27%
Leśne
27%
Łochowska
27%
Szpitalna Łomżyńska
27%
Saperów | Żeglarska Ludwikowo
27%
Mokra
27%
Nad Wisłą
27%
Nad Torem Orlicza
27%
Park Przemyslowy Paciorkiewicza
27%
Grunwaldzka Przejście
27%
Rondo Maczka P+R
27%
Baczyńskiego | Prezydenta Lecha Kaczyńskiego Sandomierska
27%
Toruńska Sporna
27%
Toruńska Stomil (brama)
27%
Tor Regatowy
27%
Stawowa Władysława IV
27%
Nakielska Wrocławska
27%
Fordońska Wyszogrodzka
27%
Glinki Zajęcza
27%
Jana Pawła II Ziemska
27%
Barwna
24%
Park Przemyslowy Biurowiec
24%
Cmentarna Dobrzyńska
24%
Grunwaldzka Filtrowa
24%
Grunwaldzka Flisacka
24%
Wyzwolenia Geodetów
24%
Podmiejska Kruszyńska
24%
Łukasiewicza
24%
Nowotoruńska Objazdowa
24%
Wyszyńskiego Powstańców Wielkopolskich
24%
Prądocińska
24%
Przylesie P+R
24%
Rondo Inowrocławskie
24%
Glinki Stadion BKS Chemik
24%
Łowicka Szkoła
24%
Nakielska Tarnowska
24%
Pelplińska Taterników
24%
Deszczowa | Krajeńska Wiejska
24%
Żeglarska
24%
Saperów Czołgistów
21%
Fordon Rynek
21%
Trybowskiego Matki Teresy z Kalkuty
21%
Nakielska Notecka
21%
Jeździecka Ogród Botaniczny
21%
Jagiellońska Piotrowskiego
21%
Plac Weyssenhoffa
21%
Rondo Skrzetuskie
21%
Śniadeckich Sienkiewicza
21%
Srebrna Spiżowa
21%
Toruńska Spokojna
21%
Piłsudskiego | Wyzwolenia Swobodna
21%
Grudziądzka Urząd Miasta P+R
21%
Nakielska Wiśniowa
21%
Opławiec Biwakowa
18%
Skorupki Czackiego
18%
Dworzec Łęgnowo
18%
Kolbego Dzięciołowa
18%
Jeździecka Dżokejowa
18%
Hutnicza | Wulffa Eberhardta
18%
Glinki Eltra
18%
Chemiczna Energetyczna
18%
Cmentarna Gniewkowska
18%
Jeździecka Hipiczna
18%
Wyzwolenia Komisariat
18%
Plątnowska Kościół
18%
Twardzickiego Łochowskiego
18%
Toruńska Łuczniczki
18%
Opławiec Meysnera
18%
Chemiczna Ogrodnictwo
18%
Przemysłowa Os Rzemieślnicze
18%
Nakielska Pijarów
18%
Smoleńska Pińczowska
18%
Jasiniecka Pod Skarpą
18%
Gdańska/ Powst Warszawy
18%
Opławiec Przedszkole
18%
Pod Skarpą Przemysła II
18%
Toruńska Równa
18%
Sanatorium
18%
Powst Warszawy Skromna
18%
Wyzwolenia Styki
18%
Fordońska Szajnochy
18%
Chemiczna Szczerby
18%
Brzechwy Szelburg-Zarembiny
18%
Jasiniecka Trybowskiego
18%
Toruńska Wieża Ciśnień
18%
Toruńska Wypaleniska
18%
Glinki Zelwerowicza
18%
Brdyujście
15%
Wyzwolenia Derdowskiego
15%
Park Przemyslowy Falkowskiego
15%
Bora-Komorowskiego Kiedrowskiego
15%
Twardzickiego Kleina
15%
Kolbego Kogucia
15%
Saperów Komandosów
15%
Opławiec Koronowska
15%
Kruszyńska Krańcowa
15%
Ugory Nowodworska
15%
Nowy Rynek P+R
15%
Park Przemyslowy | Wojska Polskiego Petersona
15%
Zamczysko pętla
15%
Przemysłowa Portowa
15%
Nowotoruńska Przepompownia
15%
Brzechwy Szafirowa
15%
Siedlecka Wodociągi
15%
Saperów Zakątek
15%
Bora-Komorowskiego Braci Bażańskich
12%
Smoleńska Budowlana
12%
Grunwaldzka | Wiejska Chojnicka
12%
Park Przemyslowy Gamma
12%
Wojska Polskiego Hechlińskiego
12%
Trybowskiego Jasiniecka
12%
Nad Torem Karolewska
12%
Wiejska Krajeńska
12%
Skarżyńskiego Kwiatkowskiego
12%
Wyszogrodzka Opalowa
12%
Plątnowska Otorowska
12%
Geodetów Pienińska
12%
Twardzickiego Przybory
12%
Toruńska Przyłubska
12%
Opławiec Soboczyńskiego
12%
Deszczowa Wichrowa
12%
Twardzickiego Witosa
12%
Opławiec Wypoczynkowa
12%
Nakielska Żywiecka
12%
Smukalska Agrestowa
9%
Smukalska Błądzimska
9%
Władysława IV Czerwonego Krzyża
9%
Dworzec Politechnika
9%
Opławiec Internat
9%
Saperów Kąpielisko
9%
Kmicica
9%
Gdańska/ Las (nż)
9%
Nowa Wieś Wielka
9%
Chemiczna Ogrodnictwo II
9%
Mińska Plonowa
9%
Plątnowska | Przemysłowa Przejazd
9%
Park Przemyslowy Raczkowskiego
9%
Rynkowska
9%
Bronikowskiego Śluzowa
9%
Kruszyńska Sowia
9%
Spółdzielcza
9%
Świetlicowa
9%
Park Przemyslowy Trzecia
9%
Witebska Wschodnia
9%
Nowotoruńska Żółwińska
9%
Siedlecka Chmielna
6%
Wojska Polskiego Dziatkiewicza
6%
Opławiec Elektrownia
6%
Witebska Gazbud
6%
Nakielska Iglasta
6%
Skorupki Jordanowska
6%
Andersa Kasztelańska
6%
Opławiec Kolonijna
6%
Wysoka Koszarowa
6%
Siedlecka Łubinowa
6%
Trybowskiego Majtkowskiego
6%
Park Przemyslowy Michałowskiego
6%
Saperów Okrężna
6%
Spiżowa Ołowiana
6%
Matki Teresy z Kalkuty Rydygiera
6%
Srebrna Stalowa
6%
Mińska Studzienna
6%
Wyzwolenia Brzegowa
3%
Pod Skarpą Stamma
3%
Stawowa XVI Pułku Ułanów Wielkopolskich
3%
Pod Skarpą Żemojtela
3%
Smukalska Baranowskiego nż
0%
Park Przemyslowy Frankiego
0%
Smukalska Sanktuarium nż
0%
Nie znaleziono quizów pasujących do podanych kryteriów
Rozkład punktacji
Procent ludzi z każdym wynikiem
Percentyl według liczby udzielonych odpowiedzi
Twoja historia wyników
Nie rozwiązałeś tego quizu od ostatniego zresetowania